Statistics for Colleges of NFL QBs 2014

Click here to take the quiz!

General Stats

  • This quiz has been taken 396 times
  • The average score is 51 of 79

Answer Stats

HintAnswer% Correct
Chad HenneMichigan
96%
Tom BradyMichigan
96%
Colt McCoyTexas
95%
Ryan TannehillTexas A&M
92%
Johnny ManzielTexas A&M
92%
Matthew StaffordGeorgia
90%
Aaron MurrayGeorgia
90%
Jason CampbellAuburn
88%
Cam NewtonAuburn
88%
Andrew LuckStanford
88%
Peyton ManningTennessee
87%
Matt SimmsTennessee
87%
Matt BarkleyUSC
87%
Mark SanchezUSC
87%
Matt SchaubVirginia
87%
Drew BreesPurdue
86%
Kyle OrtonPurdue
86%
Tyrod TaylorVirginia Tech
86%
Logan ThomasVirginia Tech
86%
Michael VickVirginia Tech
86%
Eli ManningOle Miss
85%
Russell WilsonWisconsin
85%
Scott TolzienWisconsin
85%
Robert Griffin IIIBaylor
81%
Drew StantonMichigan State
81%
Kirk CousinsMichigan State
81%
Brian HoyerMichigan State
81%
Christian PonderFlorida State
80%
E.J. ManuelFlorida State
80%
Landry JonesOklahoma
80%
Andy DaltonTCU
80%
Alex SmithUtah
78%
Matt RyanBoston College
77%
Matt HasselbeckBoston College
77%
Ryan FitzpatrickHarvard
76%
Nick FolesArizona
73%
Teddy BridgewaterLouisville
73%
Derek CarrFresno State
72%
Zach MettenbergerLSU
71%
Matt FlynnLSU
71%
Joe FlaccoDelaware
70%
Ben RoethlisbergerMiami (Ohio)
70%
Philip RiversNC State
70%
Mike GlennonNC State
70%
Jake LockerWashington
70%
Tony RomoEastern Illinois
69%
Jimmy GaroppoloEastern Illinois
69%
Brandon WeedenOklahoma State
69%
Geno SmithWest Virginia
68%
Blaine GabbertMissouri
67%
Chase DanielMissouri
67%
Jay CutlerVanderbilt
66%
Colin KaepernickNevada
65%
Jimmy ClausenNotre Dame
64%
Blake BortlesCentral Florida
63%
Kellen MooreBoise State
55%
Charlie WhitehurstClemson
55%
Brock OswellerArizona State
54%
Kellen ClemensOregon
53%
Matt McGloinPenn State
53%
TJ YatesNorth Carolina
51%
Ryan NassibSyracuse
49%
Matt MooreOregon State
44%
Derek AndersonOregon State
44%
Tom SavagePittsburgh
43%
Thaddeus LewisDuke
33%
Sean RenfreeDuke
33%
Shaun HillMaryland
31%
Bruce GradkowskiToledo
22%
Josh JohnsonSan Diego
20%
Dan OrlovskyConnecticut
19%
Luke McCownLouisiana Tech
16%
Ryan LindleySan Diego State
14%
Austin DavisSouthern Mississippi
13%
Joe WebbUAB
13%
Aaron RodgersBerkeley
12%
Josh McCownSam Houston State
9%
Tarvaris JacksonAlabama State
8%
Dustin VaughanWest Texas A&M
4%

Score Distribution

Percentile by Number Answered

Percent of People with Each Score

Your Score History

You have not taken this quiz